| 000 | 01370nam a2200325Ia 4500 | ||
|---|---|---|---|
| 001 | ebr10380147 | ||
| 003 | CaPaEBR | ||
| 006 | m u | ||
| 007 | cr cn||||||||| | ||
| 008 | 050131s2005 ne sb 001 0 eng d | ||
| 020 | _z9789042019744 | ||
| 020 | _z9042019743 (pbk.) | ||
| 040 |
_aCaPaEBR _cCaPaEBR |
||
| 035 | _a(OCoLC)60074765 | ||
| 050 | 1 | 4 |
_aPN56.M24 _bH44 2005eb |
| 100 | 1 | _aHegerfeldt, Anne C. | |
| 245 | 1 | 0 |
_aLies that tell the truth _h[electronic resource] : _bmagic realism seen through contemporary fiction from Britain / _cAnne C. Hegerfeldt. |
| 246 | 3 | _aMagic realism seen through contemporary fiction from Britain | |
| 260 |
_aAmsterdam ; _aNew York : _bRodopi, _c2005. |
||
| 300 | _a383 p. | ||
| 490 | 1 |
_aCosterus ; _vnew ser. 155 |
|
| 504 | _aIncludes bibliographical referencs (p. [349]-373) and index. | ||
| 533 |
_aElectronic reproduction. _bPalo Alto, Calif. : _cebrary, _d2010. _nAvailable via World Wide Web. _nAccess may be limited to ebrary affiliated libraries. |
||
| 650 | 0 | _aMagic realism (Literature) | |
| 650 | 0 |
_aEnglish fiction _y20th century _xHistory and criticism. |
|
| 655 | 7 |
_aElectronic books. _2local |
|
| 710 | 2 | _aebrary, Inc. | |
| 830 | 0 |
_aCosterus ; _vnew ser., v. 155. |
|
| 856 | 4 | 0 |
_uhttp://site.ebrary.com/lib/rucke/Doc?id=10380147 _zAn electronic book accessible through the World Wide Web; click to view |
| 999 |
_c101692 _d101692 |
||